[Event "AUT-ch Vor4 Internet"]
[Site "Playchess.com INT"]
[Date "2020.04.25"]
[Round "1"]
[White "Gschiel, Alexander"]
[Black "Ploeckinger, Paul"]
[Result "1-0"]
[WhiteElo "1799"]
[BlackElo "1334"]
[PlyCount "59"]
[EventDate "2020.04.25"]
[EventType "swiss (blitz)"]
[EventRounds "9"]
[EventCountry "AUT"]
[SourceTitle "EXT 2021"]
[Source "ChessBase"]
[SourceDate "2020.10.23"]
[SourceVersion "1"]
[SourceVersionDate "2020.10.23"]
[SourceQuality "1"]

1. c4 g6 2. g3 Bg7 3. Bg2 e6 4. Nc3 Ne7 5. d3 c6 6. Bg5 d5 7. cxd5 cxd5 8. Nf3 0-0 9. 0-0 Bd7 10. Rc1 Nbc6 11. e4 f6 12. Be3 dxe4 13. dxe4 Qc7 14. Nb5 Qb8 15. Qxd7 Rd8 16. Qxe6+ Kh8 17. Bc5 a6 18. Bxe7 Re8 19. Nd6 Rxe7 20. Qd5 Rd7 21. Nf7+ Kg8 22. Qxd7 Qf8 23. Nd6 Rc8 24. Nxc8 f5 25. exf5 gxf5 26. Qxb7 Nb4 27. Ne7+ Kh8 28. Qxb4 Bf6 29. Rc8 Qxc8 30. Nxc8 1-0

[Event "AUT-ch Vor4 Internet"]
[Site "Playchess.com INT"]
[Date "2020.04.25"]
[Round "4"]
[White "Ploeckinger, Paul"]
[Black "Wimmer, Norbert"]
[Result "1/2-1/2"]
[WhiteElo "1334"]
[BlackElo "1973"]
[PlyCount "132"]
[EventDate "2020.04.25"]
[EventType "swiss (blitz)"]
[EventRounds "9"]
[EventCountry "AUT"]
[SourceTitle "EXT 2021"]
[Source "ChessBase"]
[SourceDate "2020.10.23"]
[SourceVersion "1"]
[SourceVersionDate "2020.10.23"]
[SourceQuality "1"]

1. c4 e5 2. Nc3 Nf6 3. g3 d5 4. cxd5 Nxd5 5. Bg2 c6 6. Qb3 Nxc3 7. bxc3 Bd6 8. Nf3 0-0 9. 0-0 Nd7 10. d3 Nc5 11. Qc2 f5 12. Bg5 Qe8 13. Rfe1 Ne6 14. Bd2 Bd7 15. Rab1 Rb8 16. c4 f4 17. Bc3 fxg3 18. fxg3 Nc5 19. Rf1 Qh5 20. Nh4 Bg4 21. Bf3 Be7 22. Bxg4 Qxg4 23. Ng2 Nd7 24. Qb2 e4 25. Rbd1 Nc5 26. Ne3 Qe6 27. d4 Na4 28. Qc2 Nxc3 29. Qxc3 Bf6 30. Nc2 Qg4 31. Qe3 Rbd8 32. Rf4 Qg6 33. Rdf1 Rfe8 34. Qf2 Bg5 35. Rf5 e3 36. Qf3 Bf6 37. d5 cxd5 38. cxd5 Rd7 39. Nxe3 Qh6 40. Ng4 Qd2 41. Nxf6+ gxf6 42. Rxf6 Qd4+ 43. Kh1 Qc5 44. Qg4+ Rg7 45. Qf5 Qe7 46. Qf4 Qd7 47. Rf5 Qe7 48. Qf3 Qxe2 49. Rf4 Qxf3+ 50. R4xf3 Rd8 51. Rf5 Rgd7 52. Rd1 b5 53. Kg2 a5 54. Kf3 b4 55. Ke4 a4 56. Rd3 Rb7 57. Ke5 b3 58. axb3 axb3 59. Rf1 b2 60. Rdd1 Re8+ 61. Kd4 Re2 62. Rb1 Rd2+ 63. Kc3 Rxd5 64. Rxb2 Rxb2 65. Kxb2 Rd2+ 66. Kc3 Rxh2 1/2-1/2

[Event "AUT-ch Vor2 Internet"]
[Site "Playchess.com INT"]
[Date "2020.04.13"]
[Round "1"]
[White "Katter, Katharina"]
[Black "Ploeckinger, Paul"]
[Result "1-0"]
[WhiteElo "1930"]
[BlackElo "1334"]
[PlyCount "73"]
[EventDate "2020.04.13"]
[EventType "swiss (blitz)"]
[EventRounds "9"]
[EventCountry "AUT"]
[SourceTitle "CBM 195 Extra"]
[Source "ChessBase"]
[SourceDate "2020.05.31"]
[SourceVersion "1"]
[SourceVersionDate "2020.05.31"]
[SourceQuality "1"]

1. d4 Nf6 2. Nf3 d5 3. c4 c6 4. e3 e6 5. Nc3 b6 6. Qc2 Ba6 7. b3 Bb4 8. a3 Bxc3+ 9. Qxc3 dxc4 10. bxc4 Nbd7 11. Bd3 c5 12. 0-0 0-0 13. Bb2 Qc7 14. Rfd1 cxd4 15. exd4 Rac8 16. Rac1 Bb7 17. Bb1 Ng4 18. h3 Bxf3 19. Qxf3 Qh2+ 20. Kf1 Nh6 21. g4 f5 22. g5 Nf7 23. Qe3 Rfe8 24. f4 Nd6 25. Rd2 Qh1+ 26. Kf2 Qh2+ 27. Ke1 Qh1+ 28. Ke2 Qh2+ 29. Kd3 Qe2+ 30. Rxe2 Nxc4 31. Rxc4 Rxc4 32. Kxc4 b5+ 33. Kd3 Rc8 34. Ba2 Rc6 35. Bxe6+ Kh8 36. Bxd7 Rd6 37. Qe8# 1-0

[Event "AUT-ch Vor1 Internet"]
[Site "Playchess.com INT"]
[Date "2020.04.11"]
[Round "9"]
[White "Lohr, Thomas"]
[Black "Ploeckinger, Paul"]
[Result "0-1"]
[WhiteElo "1203"]
[BlackElo "1334"]
[PlyCount "72"]
[EventDate "2020.04.11"]
[EventType "swiss (blitz)"]
[EventRounds "9"]
[EventCountry "AUT"]
[SourceTitle "CBM 195 Extra"]
[Source "ChessBase"]
[SourceDate "2020.05.31"]
[SourceVersion "1"]
[SourceVersionDate "2020.05.31"]
[SourceQuality "1"]

1. e4 e5 2. Nf3 Nf6 3. Nc3 Nc6 4. Bc4 Bc5 5. d3 d6 6. Bg5 h6 7. Be3 Bxe3 8. fxe3 Be6 9. b3 Na5 10. Bxe6 fxe6 11. d4 exd4 12. exd4 0-0 13. e5 dxe5 14. dxe5 Nd5 15. Nxd5 exd5 16. 0-0 c6 17. Qd2 Re8 18. b4 Nc4 19. Qd4 Qb6 20. Qxb6 axb6 21. c3 Nxe5 22. Nxe5 Rxe5 23. Rfe1 Rxe1+ 24. Rxe1 Rxa2 25. g4 Ra3 26. Re3 Kf7 27. Rf3+ Kg6 28. Kg2 c5 29. b5 d4 30. cxd4 Rxf3 31. Kxf3 cxd4 32. Ke4 Kg5 33. h3 h5 34. gxh5 d3 35. Kd4 d2 36. Ke3 d1Q 0-1